L´analyse des facteurs influençant le comportement des consommateurs face aux produits bio diplomová práca

Salvato in:
Dettagli Bibliografici
Autore principale: Repaská, Michaela
Ente Autore: Obchodná fakulta EU. Katedra marketingu
Altri autori: Kita, Pavol
Natura: Libro
Lingua:francese
Pubblicazione: Bratislava 2018
Tags: Aggiungi Tag
Nessun Tag, puoi essere il primo ad aggiungerne!!

MARC

LEADER 00000nbm a2200000 4500
001 0243399
005 20190227143040.6
041 0 |a fre 
044 |a SK 
245 1 0 |a L´analyse des facteurs influençant le comportement des consommateurs face aux produits bio  |b diplomová práca  |c Michaela Repaská ; školiteľ: Pavol Kita 
264 1 |a Bratislava  |c 2018 
300 |a 95 s. 
100 1 |a Repaská, Michaela 
700 1 |a Kita, Pavol 
710 2 |a Obchodná fakulta EU. Katedra marketingu